Loading...
| Philosophy | 0 | 7 | 0 | 2 | 70 | 98 | 122.00 | 0 | 1 | 0.00 | 0.00 |
| History - World | 0 | 3 | 0 | 0 | 30 | 109 | 111.33 | 0 | 1 | 0.00 | 0.00 |
| History - Other | 1 | 1 | 0 | 0 | 25 | 68 | 94.50 | 0 | 1 | 0.00 | 0.00 |
| Other Academic | 1 | 1 | 0 | 0 | 25 | 41 | 69.00 | 2 | 2 | 0.00 | 0.00 |
| Beliefs | 0 | 2 | 0 | 0 | 20 | 142 | 149.50 | 0 | 0 | 0.00 | 0.00 |
| Literature - European | 1 | 1 | 1 | 0 | 20 | 76 | 94.00 | 1 | 2 | 0.00 | 0.00 |
| Fine Arts - Visual | 0 | 2 | 0 | 1 | 20 | 106 | 131.00 | 0 | 1 | 0.00 | 0.00 |
| Literature - British | 0 | 2 | 0 | 1 | 20 | 121 | 145.50 | 1 | 1 | 0.00 | 0.00 |
| Social Science | 0 | 2 | 1 | 1 | 15 | 95 | 124.00 | 1 | 1 | 0.00 | 0.00 |
| History - European | 1 | 0 | 0 | 0 | 15 | 64 | 64.00 | 1 | 1 | 0.00 | 0.00 |
| Modern World | 1 | 0 | 0 | 0 | 15 | 59 | 59.00 | 0 | 1 | 0.00 | 0.00 |
| Fine Arts - Classical Music and Opera | 0 | 1 | 0 | 1 | 10 | 146 | 146.00 | 0 | 0 | 0.00 | 0.00 |
| Fine Arts - Other | 0 | 1 | 0 | 0 | 10 | 104 | 104.00 | 0 | 1 | 0.00 | 0.00 |
| Literature - World | 0 | 1 | 0 | 0 | 10 | 94 | 94.00 | 0 | 0 | 0.00 | 0.00 |
| Literature - American | 0 | 1 | 1 | 0 | 5 | 80 | 80.00 | 0 | 0 | 0.00 | 0.00 |